00652 2200241 4500001002100000005001500021035002000036007000300056008004100059020001500100082000800115084001800123084001800141084001800159100002300177245011400200250001100314260002500325600002100350990001300371990001300384990001300397INLIS00000000000978820230718034525 a0010-0723000318ta230718 g 0 ind  a9797363813 a507 a507 ERW s C.1 a507 ERW s C.2 a507 ERW s C.30 aErwin Adi Putranto1 aSains Itu Menyenangkan :bbenarkah manusia super tak harus berasal dari planet kripton? /cErwin Adi Putranto aCet. 5 bBengawan Ilmu,c2020 4aPendidikan Sains a023.4967 a023.4968 a023.4969